MARC

LEADER 00000nam0a2200000 4500
001 95426
005 20231101214017.0
035 |a (RuTPU)RU\TPU\book\102183 
090 |a 95426 
100 |a 20060426d1960 k y0rusy50 ca 
101 0 |a rus 
102 |a RU 
105 |a a z 001zy 
200 1 |a Тугоплавкие металлы: молибден, вольфрам, ниобий и тантал  |f А. С. Строев, Е. С. Овсепян, Г. В. Захарова  |g Общественный университет, заочные курсы усовершенствования ИТР металловедов-термистов 
210 |a Москва  |d 1960 
215 |a 98 с.  |c ил. 
320 |a Библиогр.: с. 95-97. 
610 1 |a металловедение 
610 1 |a тугоплавкие металлы 
610 1 |a молибден 
610 1 |a тантал 
610 1 |a ниобий 
610 1 |a вольфрам 
610 1 |a свойства 
610 1 |a производство 
610 1 |a применение 
675 |a 669.018.45  |v 3 
700 1 |a Строев  |b А. С.  |g Александр Степанович 
701 1 |a Овсепян  |b Е. С.  |g Елена Семёновна 
701 1 |a Захарова  |b Г. В.  |g Галина Васильевна 
712 0 2 |a Общественный университет  |b заочные курсы усовершенствования ИТР металловедов-термистов  |2 stltpush  |3 (RuTPU)RU\TPU\col\8870  |9 24614 
801 1 |a RU  |b 63413507  |c 20060426  |g PSBO 
801 2 |a RU  |b 63413507  |c 20230629  |g PSBO 
942 |c BK